000 00583nam a2200217Ia 4500
005 20250923150256.0
008 008 250917s9999 xx 000 0 eng d
037 _aTextual
040 _aDSWL
_beng
_cDSWL
041 _aeng
_2eng
084 _aR4, P9
_qDSWL
100 _aGoode, E
_9844189
245 0 _aMoral Panics
_cby E Goode
260 _aUK
_bWiley Blackwell Publishing
_c2009
300 _a299 p.
365 _aINR
_b2104 . 11
650 _a Nachman BEN.YEHUDA
_9844190
925 _g2104 . 11
942 _cTEXL
_hR4, P9
999 _c1461583
_d1461583